LEADER 01283nam a2200253 4500 001 000000341601 003 CaOOAMICUS 005 20200819111605.0 008 200819s1886 it a 000 u ita r 040 $aSeMil$bita 100 11$aTaramelli, Torquato,$d<1845-1922>.$0(OLS)http://semarc/name/111617 245 02$aI terremoti Andalusi cominciati il 25 dicembre 1884 /$cmemoria di T. Taramelli e G. Mercalli. 264 1$aRoma :$bTipografia della R. Accademia dei Lincei,$c1886. 300 $a110 p., 4 carte di tav. ripieg. :$bill. ;$c30 cm 500 $aPaginato anche 116-222 500 $aEstratto da: Reale Accademia dei Lincei - Memorie della Classe di Scienze Fisiche, Matematiche e Naturali, vol. 3., ser. 4 500 $aCon dedica autografa di G. Mercalli 650 4$aTerremoti - Andalusia - 1884.$0(OLS)http://semarc/subject/49418 700 1 $aMercalli, Giuseppe,$d<1850-1914>.$0(OLS)http://semarc/name/49037 850 $aSeMil 852 $aSeMil$W1$xVenegono$y1$m3XG VI 22 FA$j220821$B232609$CSeMilBibl$Z2$F232609 $8I 996 $6245$aI terremoti Andalusi cominciati il 25 dicembre 1884$9(OLS)http://semarc/title/430551 996 $6264$aRoma :$bTipografia della R. Accademia dei Lincei$9(OLS)http://semarc/publisher/59227 LEADER 01245nam a2200289 i 4500 001 000000079081 003 CaOOAMICUS 005 20170324000000.0 008 170324s2013 it u000 u ita u 013 $a51318 020 $a978-88-548-6529-7 040 $aSeMil$bita 100 1 $aFerrante, Mario,$d<1968- >.$0(OLS)http://semarc/name/91143 245 13$aLa responsabilità penale delle persone giuridiche nel diritto canonico /$cMario Ferrante. 260 $aRoma :$bAracne,$c2013. 300 $a147 p. ;$c24 cm. 490 0 $aLe vie del diritto ;$v4 500 $aCon dedica dell'autore. 650 4$aDiritto canonico - Studi.$0(OLS)http://semarc/subject/1680 650 4$aPersone giuridiche - Diritto canonico.$0(OLS)http://semarc/subject/13074 830 3$aLe vie del diritto ;$v4.$0(OLS)http://semarc/title/402217 850 $aSeMil 852 $aSeMil$W1$xVenegono$y1$m2H IV 66$j44842$B44842$CSeMilBibl$Z2$F46677 $81 961 $aLascito: Coronelli don Renato 996 $6020$a978-88-548-6529-7$9(OLS)http://semarc/number/270312 996 $6245$aLa responsabilità penale delle persone giuridiche nel diritto canonico$9(OLS)http://semarc/title/403118 996 $6260$aRoma :$bAracne$9(OLS)http://semarc/publisher/33569